Finance and accounting for managers. / (Record no. 2430)
[ view plain ]
| 000 -LEADER | |
|---|---|
| fixed length control field | 00989nam a22001817a 4500 |
| 008 - FIXED-LENGTH DATA ELEMENTS--GENERAL INFORMATION | |
| fixed length control field | 121011t xxu||||| |||| 00| 0 eng d |
| 020 ## - INTERNATIONAL STANDARD BOOK NUMBER | |
| International Standard Book Number | 0852924364 |
| 050 ## - LIBRARY OF CONGRESS CALL NUMBER | |
| Classification number | HG151.D28 |
| 100 ## - MAIN ENTRY--PERSONAL NAME | |
| Personal name | Davies, David |
| 245 ## - TITLE STATEMENT | |
| Title | Finance and accounting for managers. / |
| Statement of responsibility, etc. | David Davies |
| 260 ## - PUBLICATION, DISTRIBUTION, ETC. | |
| Place of publication, distribution, etc. | Great Britain: |
| Name of publisher, distributor, etc. | Short Run Press, |
| Date of publication, distribution, etc. | c1990. |
| 300 ## - PHYSICAL DESCRIPTION | |
| Extent | vii, 128 p.: |
| Dimensions | 21cm. |
| 500 ## - GENERAL NOTE | |
| General note | Includes index. |
| 505 ## - FORMATTED CONTENTS NOTE | |
| Formatted contents note | Content: Introduction -- Sources and uses of money -- Planning and the use of management information systems -- The Balance sheet -- The Trading and profit and loss account -- The Cash statement -- The Funds flow statement -- The Manufacturing account -- The Interpretation and use of financial information -- Costing -- The Budgeting system -- The Master budget -- The Cash budget -- Capital budgeting systems -- Operating parameters -- Appendix: Discounted cash flow: selected tables. |
| 650 ## - SUBJECT ADDED ENTRY--TOPICAL TERM | |
| Topical term following geographic name entry element | Corporations |
| General subdivision | Finance. |
| 650 ## - SUBJECT ADDED ENTRY--TOPICAL TERM | |
| Topical term or geographic name entry element | Financial management |
| 942 ## - ADDED ENTRY ELEMENTS (KOHA) | |
| Source of classification or shelving scheme | Library of Congress Classification |
| Koha item type | Books |
| Withdrawn status | Lost status | Source of classification or shelving scheme | Damaged status | Not for loan | Home library | Current library | Shelving location | Date acquired | Total Checkouts | Full call number | Barcode | Date last seen | Copy number | Price effective from | Koha item type |
|---|---|---|---|---|---|---|---|---|---|---|---|---|---|---|---|
| Library of Congress Classification | WISCONSIN INTERNATIONAL UNIVERSITY COLLEGE, GHANA - MAIN LIBRARY | WISCONSIN INTERNATIONAL UNIVERSITY COLLEGE, GHANA - MAIN LIBRARY | Reference | 11/10/2012 | HG151.D28 | 6429/12 | 11/10/2012 | 1 | 11/10/2012 | Books | |||||
| Library of Congress Classification | WISCONSIN INTERNATIONAL UNIVERSITY COLLEGE, GHANA - MAIN LIBRARY | WISCONSIN INTERNATIONAL UNIVERSITY COLLEGE, GHANA - MAIN LIBRARY | Reference | 11/10/2012 | HG151.D281 | 6430/12 | 11/10/2012 | 2 | 11/10/2012 | Books | |||||
| Library of Congress Classification | WISCONSIN INTERNATIONAL UNIVERSITY COLLEGE, GHANA - MAIN LIBRARY | WISCONSIN INTERNATIONAL UNIVERSITY COLLEGE, GHANA - MAIN LIBRARY | Reference | 11/10/2012 | HG151.D282 | 6431/12 | 11/10/2012 | 3 | 11/10/2012 | Books |
